<?xml version="1.0" encoding="UTF-8"?>
<marc:record xmlns:marc="http://www.loc.gov/MARC21/slim">
   <marc:leader>00000nam a2200000 a 4500</marc:leader>
   <marc:datafield ind1="1" ind2=" " tag="100">
      <marc:subfield code="a">Bergrath, Karin</marc:subfield>
      <marc:subfield code="4">aut</marc:subfield>
      <marc:subfield code="e">Verfasser/-in</marc:subfield>
   </marc:datafield>
   <marc:datafield ind1="0" ind2="0" tag="245">
      <marc:subfield code="a">Tod im Anflug</marc:subfield>
   </marc:datafield>
   <marc:datafield ind1="0" ind2="0" tag="245">
      <marc:subfield code="b">ein Gänsekrimi</marc:subfield>
   </marc:datafield>
   <marc:datafield ind1="0" ind2="0" tag="245">
      <marc:subfield code="c">Karin Bergrath</marc:subfield>
   </marc:datafield>
   <marc:datafield ind1=" " ind2="1" tag="264">
      <marc:subfield code="a">Frankfurt, M.</marc:subfield>
      <marc:subfield code="b">Scherz</marc:subfield>
      <marc:subfield code="c">2011</marc:subfield>
   </marc:datafield>
   <marc:datafield ind1="1" ind2=" " tag="520">
      <marc:subfield code="a">Angaben aus der Verlagsmeldung

Tod im Anflug : Ein Gänsekrimi / von Karin Bergrath

Als der Reiher Neptunus im Morgengrauen mit weit aufgerissenem Schnabel und einem großen Loch in der Brust gefunden wird, ist es mit der Idylle auf dem Campingplatz vorbei. Nur wenig später erwischt es Camper Alex. Angst geht um. Natürlich tappen die Kommissare Reiners und Hump im Dunkeln, und es gibt nur einen, der die Sache in die Hand nehmen kann: Gänserich Tom. Tom ist CSI-Fan und sein großes Vorbild heißt Thomas Magnum. Gemeinsam mit seinem Assistenten Rio, dem Kormoran, muss Tom einen verzwickten Fall aufklären und beide riskieren ihr Leben, um den flügellosen Kommissaren zu helfen.
</marc:subfield>
   </marc:datafield>
   <marc:datafield ind1=" " ind2=" " tag="020">
      <marc:subfield code="a">9783502110774</marc:subfield>
      <marc:subfield code="9">9783502110774</marc:subfield>
   </marc:datafield>
   <marc:datafield ind1=" " ind2=" " tag="041">
      <marc:subfield code="a">ger</marc:subfield>
   </marc:datafield>
   <marc:datafield ind1=" " ind2=" " tag="300">
      <marc:subfield code="a">299 S.</marc:subfield>
   </marc:datafield>
</marc:record>
